1684 1669 1051 1491 1521 1542 1830 1140 1207 1232 1539 1045 1575 1170 1749 1638 1686 1092 1566 1886 1838 1993 1266 1003 1033 1160 1934 1788 1452 1036 1150 1633 1981 1573 1308 1634 1886 1814 1760 1626 1052 1366 1992 1495 1111 1645 1205 1097 1003 1733 1128 1458 1994 1166 1088 1546 1578 1127 1066 1013 1154 1440 1936 1546 1207 1251 1646 1350 1980 1392 1309 1208 1851 1456 1959 1095 1127 1472 1072 1002 1296 1616 1962 1581 1482 1008 1912 1678 1553 1681 1603 1625 1311 1793 1114 1665 1048 1353 1246 BCNSPRNW ULIB Ver.6.0+V

เปลี่ยนเป็นภาษาไทย

Change to English
 แสดงรายละเอียดบรรณานุกรม
  กลับหน้าหลัก

Brief Record : Get Marc (ISO 2709) : E-mail record : QR code < ปิดหน้าต่าง
LEADER : 00000nam 2200000uu 4500
001    13399110900
003     ULIB
008    110613s||||||||th 000 0 tha d
020    9748679241(ล.20)
050  4 AC158^bM111D ล.20 2005
100 0  Martina, Guido
245    ดิสนีย์ส (Disney s) โลกมหัศจรรย์ : ประวัติ วอลท์ดิสนีย์กับภาพยนตร์การ์ตูนและดรรชนี/ ^cผู้แปลและเรียบเรียง ศูนย์การแปล คณะอักษณศาสตร์ จุฬาลงกรณ์มหาวิทยาลัย ; บรรณาธิการ ชาญศักดิ์ พงษ์สุวรรณ
260    กรุงเทพฯ : ^bโกเลียร์อินเตอร์เนชั่นแนล, ^c2005
300    20 เล่ม : ^bภาพประกอบ ; ^c26 ซม.
592    Buddhist era
650  7 ความรู้ทั่วไป
700    ชาญศักดิ์ พงษ์สุวรรณ, ^eบรรณาธิการ
710    จุฬาลงกรณ์มหาวิทยาลัย. ^bคณะอักษรศาสตร์. ^bศูนย์การแปล
945    ^p850^l0^i023046
995    ทศพร
999 ^a ใช้งานได้ทุกระบบ
รายการนี้ยังไม่มีแท็ก
คุณยังไม่ได้ล็อกอิน คุณสามารถมีกิจกรรมร่วมกับเว็บไซต์ได้ แต่ต้องล็อกอินก่อน ::
  ล็อกอิน

รายการสื่อสารสนเทศ

ลำดับที่ ประเภท เลขเรียก/บาร์โค้ด สถานที่ สถานะ
- ไม่พบข้อมูล -

รายการใกล้เคียง
    ผู้แต่ง [Martina, Guido]

    หัวเรื่อง [ความรู้ทั่วไป]

BibComment


ยังไม่เคยถูกคอมเมนท์

คอมเมนท์ทรัพยากรรายการนี้
  คอมเมนท์: ดิสนีย์ส Disney s..


 Copyright 2026. Bcnsprnw @Library